| 000 | 00442cam a2200169ua 4500 | ||
|---|---|---|---|
| 020 | _cRs 3.50 | ||
| 041 |
_amal _h |
||
| 082 |
_a894.812308 _bSHO/DO |
||
| 100 | _aSholokov , Mikhail . | ||
| 245 |
_aDon naditheerathe puthiya koithu / _cMikhail Sholokov. _hTextual Documents |
||
| 260 |
_aEranakulam : _bC I C C Book House , _c1962. |
||
| 300 | _a356 ; . | ||
| 365 | _aRs 3.50 | ||
| 504 | _a | ||
| 942 | _cBK | ||
| 999 |
_c4232 _d4232 |
||